000 01004nam a22002777a 4500
001 9496
003 FISKH
005 20260115101639.0
008 260115b cb ||||| |||| 00| 0 eng d
020 _a9781880892596
040 _aFISKH
_beng
_cFISKH
_dFISKH
050 _aPZ7
082 _a636
100 _aStrayer, Debbie
_eAuthor
245 _aSpot goes clip, clop /
_cWritten by Debbie Strayer ; illustrations by Joy Majewski
260 _aMelrose :
_bCommon Sense Press ,
_c1998
300 _a10 pages :
_billustrations ;
_c22 cm
505 _aC
520 _aSpot goes clip, clop is a simple animal story that follows Spot the horse as he moves around making sounds like “clip, clop.” The story focuses on animal movement, sound words (onomatopoeia), very simple actions and repetition.
521 8 _a150
_bLexile estimate
521 8 _aC
_bRaz-Plus
650 _aReading for beginners
_vSound
700 _aMajewski, Joy
_eIllustrator
942 _2ddc
_cBK
_n0
999 _c9496
_d9496